000 00392nam a2200157Ia 4500
008 230711s9999||||xx |||||||||||||| ||und||
041 _aENG
082 _a720
_bRO-F
100 _aRobertson J
245 0 _aFamily Style: Interior Design with Children in Mind
250 _a1st Ed.
260 _c1990
_aHong Kong
_bDragon's World Ltd
300 _a176
650 _aArchitecture
942 _cBK
999 _c2749
_d2749